000 00570nam a2200193 a 4500
001 2937
005 20140414131931.0
008 051130s19uu xx 00 eng d
020 _a0-7534-0804-X
050 _aREF 577.54
_bG13 2002
100 _aGaff, Jackie
245 _aThe Sahara is cold at night :
_band other questions about deserts /
_cJackie Gaff.
260 _aLondon :
_bKingfisher,
_c2002.
300 _a32 p. ; cm.
440 _aI wonder why series
500 _aIncludes index.
650 _aDeserts
_xMiscellanea
_xJuvenile literature
999 _c112206
_d112206